Jain - Modelling & Simulation using MATLAB Simulink (Record no. 20917)
[ view plain ]
| 000 -LEADER | |
|---|---|
| fixed length control field | 00248nam a2200121Ia 4500 |
| 082 ## - DEWEY DECIMAL CLASSIFICATION NUMBER | |
| Item number | 22244 |
| 100 ## - MAIN ENTRY--PERSONAL NAME | |
| Personal name | #N/A |
| 245 ## - TITLE STATEMENT | |
| Title | Jain - Modelling & Simulation using MATLAB Simulink |
| 260 ## - PUBLICATION, DISTRIBUTION, ETC. | |
| Name of publisher, distributor, etc. | #N/A |
| 546 ## - LANGUAGE NOTE | |
| Language note | ENGLISH |
| 942 ## - ADDED ENTRY ELEMENTS (KOHA) | |
| Koha item type | BOOK |
| Withdrawn status | Lost status | Damaged status | Not for loan | Collection | Home library | Current library | Date acquired | Total Checkouts | Full call number | Barcode | Date last seen | Price effective from | Koha item type |
|---|---|---|---|---|---|---|---|---|---|---|---|---|---|
| CD | Fr. Agnel's C.Rodrigues College of Engineering | Fr. Agnel's C.Rodrigues College of Engineering | 17/03/2023 | 22244 | CD2418 | 17/03/2023 | 17/03/2023 | BOOK | |||||
| CD | Fr. Agnel's C.Rodrigues College of Engineering | Fr. Agnel's C.Rodrigues College of Engineering | 17/03/2023 | 22245 | CD2419 | 17/03/2023 | 17/03/2023 | BOOK | |||||
| CD | Fr. Agnel's C.Rodrigues College of Engineering | Fr. Agnel's C.Rodrigues College of Engineering | 17/03/2023 | 22246 | CD2420 | 17/03/2023 | 17/03/2023 | BOOK | |||||
| CD | Fr. Agnel's C.Rodrigues College of Engineering | Fr. Agnel's C.Rodrigues College of Engineering | 17/03/2023 | 22247 | CD2421 | 17/03/2023 | 17/03/2023 | BOOK |